Návrh opatrení na zdokonalenie materiálového toku na prevádzke Ťaháreň rúr v podniku Železiarne Podbrezová, a. s.

Salvato in:
Dettagli Bibliografici
Autore principale: Juroš, Ján, 1990- (Autore)
Altri autori: Drahňovský, Juraj, 1980- (Relatore della tesi)
Natura: Manoscritto Libro
Lingua:slovacco
Pubblicazione: Trnava : STU v Bratislave MTF UPMK, 2012
Soggetti:
Accesso online:VAIS
Tags: Aggiungi Tag
Nessun Tag, puoi essere il primo ad aggiungerne!!

MARC

LEADER 00000ntm a22000003a 4500
001 stu251012
005 20150617230226.3
008 120719s2012----xo------------------slo-d
040 |a STU  |b slo 
041 0 |a slo 
044 |a xo 
100 1 |a Juroš, Ján,  |d 1990-  |4 aut  |u M4000  |U MTF Materiálovotechnologická fakulta  |T MTF Ústav priemyselného inžinierstva a manažmentu  |X 66037  |U M4000  |Y 84  |7 A000066037 
242 0 0 |a Purpose of measures to improve the material flow on the tube mill operation in the company Železiarne Podbrezová, a.s.,   |y eng 
245 1 |a Návrh opatrení na zdokonalenie materiálového toku na prevádzke Ťaháreň rúr v podniku Železiarne Podbrezová, a. s. 
260 |a Trnava :  |b STU v Bratislave MTF UPMK,  |c 2012 
300 |a 57 s  |c príl 
650 7 |a priemyselné manažérstvo  |2 stusub 
650 7 |a Industrial Management  |2 estusub 
650 7 |a pohyb  |2 stusub 
700 1 |a Drahňovský, Juraj,  |d 1980-  |4 ths  |u M4000  |U MTF Materiálovotechnologická fakulta  |T MTF Ústav priemyselného inžinierstva a manažmentu  |X 38290  |U M4000  |Y 84  |7 A000038290 
856 4 |a info a plný text  |u http://is.stuba.sk/zp/portal_zp.pl?podrobnosti=66110  |3 VAIS 
996 |c M*BP-5683  |l MMSKP  |s P  |a 0  |w stu251012_0001